Statistics for Good Girls 5SOS Lyrics

Click here to take the quiz!

General Stats

  • This quiz has been taken 303 times
  • The average score is 13 of 15

Answer Stats

HintAnswer% Correct
She's a goodgirl
100%
But she sneaks out the window to meet with herboyfriend
97%
'Cause every night she studies hard in herroom
97%
cause good girls are bad girls that haven't beencaught
96%
She can speakfrench
96%
He knows she'll makeit
96%
She said tome
96%
I think she'sfluent
94%
She's good atschool
94%
She's daddy'sfavorite
90%
At least that's what her parentsassume
88%
He saved forHarvard
87%
Forget what youthought
86%
She's nevertruant
62%
Here's what she told me the time that Icaught them
56%

Score Distribution

Percentile by Number Answered

Percent of People with Each Score

Your Score History

You have not taken this quiz